| 000 | 00807nam a22002777a 4500 | ||
|---|---|---|---|
| 001 | 200460899 | ||
| 003 | TR-AnTOB | ||
| 005 | 20240610104251.0 | ||
| 008 | 240610b tu ||||| |||| 00| 0 tur d | ||
| 020 | _a9786257796545 | ||
| 040 |
_aTR-AnTOB _beng _erda _cTR-AnTOB |
||
| 041 | _atur | ||
| 092 |
_a813.412 _bDOK 2022 |
||
| 100 | _qDoksöz, Serdar Sultan | ||
| 245 |
_aYürüyen bahçe/ _c Sultan Serdar Doksöz ; resimleyen : Aslıhan Kayar |
||
| 250 | _a2.bs. | ||
| 260 |
_aAnkara : _bParmak Çocuk Yayınları ; _c2022. |
||
| 300 |
_a87 Pages. : _bill. ; _c20 cm. |
||
| 336 |
_atext _btxt _2rdacontent |
||
| 337 |
_aunmediated _bn _2rdamedia |
||
| 338 |
_avolume _bnc _2rdacarrier |
||
| 653 | _aÇocuk edebiyatı | ||
| 942 |
_2ddc _cBK |
||
| 999 |
_c200460899 _d79111 |
||